Восприятие английского социально-криминального романа в русской литературе 1830-1900-х гг.: монография

Detalles Bibliográficos
Autor principal: Матвеенко И. А. Ирина Алексеевна
Autor Corporativo: Национальный исследовательский Томский политехнический университет (ТПУ) Институт природных ресурсов (ИПР) Кафедра иностранных языков (ИЯПР)
Sumario:Заглавие с титульного экрана
Электронная версия печатной публикации
В монографии рассмотрена эволюция восприятия английского социально-криминального романа в России 1830-1900-х гг., прежде всего художественной прозой и литературной критикой. Каждый из этапов данной рецептивной истории имел свою специфику и логику развития. Все это соответствует интересу современного литературоведения к проблемам компаративистики, теории и истории перевода, рецептивной эстетики, межкультурного диалога, а также теории жанра романа и истории его бытования в России и Англии в контексте массовой и классической, столичной и региональной литературы. Издание предназначено для преподавателей, студентов и аспирантов филологических факультетов, а также широкого круга читателей, интересующихся проблемами литературных взаимосвязей, переводоведения и историей русской литературы.
Режим доступа: из корпоративной сети ТПУ
Lenguaje:ruso
inglés
Publicado: Томск, Изд-во ТПУ, 2014
Materias:
Acceso en línea:http://www.lib.tpu.ru/fulltext2/m/2015/m095.pdf
Formato: MixedMaterials Electrónico Libro
KOHA link:https://koha.lib.tpu.ru/cgi-bin/koha/opac-detail.pl?biblionumber=289198

MARC

LEADER 00000nlm0a2200000 4500
001 289198
005 20231228125816.0
035 |a (RuTPU)RU\TPU\book\313703 
035 |a RU\TPU\book\313290 
090 |a 289198 
100 |a 20150331d2014 k y0rusy50 ca 
101 0 |a rus  |a eng 
102 |a RU 
105 |a a z 001zy 
135 |a drgn ---uucaa 
181 0 |a i  
182 0 |a b 
200 1 |a Восприятие английского социально-криминального романа в русской литературе 1830-1900-х гг.  |e монография  |f И. А. Матвеенко  |g Национальный исследовательский Томский политехнический университет (ТПУ) 
203 |a Текст  |c электронный 
210 |a Томск  |c Изд-во ТПУ  |d 2014 
300 |a Заглавие с титульного экрана 
300 |a Электронная версия печатной публикации 
330 |a В монографии рассмотрена эволюция восприятия английского социально-криминального романа в России 1830-1900-х гг., прежде всего художественной прозой и литературной критикой. Каждый из этапов данной рецептивной истории имел свою специфику и логику развития. Все это соответствует интересу современного литературоведения к проблемам компаративистики, теории и истории перевода, рецептивной эстетики, межкультурного диалога, а также теории жанра романа и истории его бытования в России и Англии в контексте массовой и классической, столичной и региональной литературы. Издание предназначено для преподавателей, студентов и аспирантов филологических факультетов, а также широкого круга читателей, интересующихся проблемами литературных взаимосвязей, переводоведения и историей русской литературы. 
333 |a Режим доступа: из корпоративной сети ТПУ 
337 |a Adobe Reader 
452 1 |0 (RuTPU)RU\TPU\book\293881  |y 978-5-4387-0456-0  |t Восприятие английского социально-криминального романа в русской литературе 1830-1900-х гг.  |o монография  |f И. А. Матвеенко  |g Национальный исследовательский Томский политехнический университет (ТПУ)  |c Томск  |n Изд-во ТПУ  |d 2014  |p 314 с.  |a Матвеенко, Ирина Алексеевна 
606 |a Русская литература, дореволюционная  |x История и критика  |2 stltpush  |3 (RuTPU)RU\TPU\subj\26372  |9 50315 
606 |a Английская литература  |x История и критика английской литературы  |2 stltpush  |3 (RuTPU)RU\TPU\subj\29043  |9 52455 
610 1 |a электронный ресурс 
610 1 |a монографии 
610 1 |a труды учёных ТПУ 
610 1 |a английские романы 
610 1 |a социально-криминальные романы 
610 1 |a Россия 
610 1 |a проза 
610 1 |a литературная критика 
610 1 |a литературоведение 
610 1 |a компаративистика 
610 1 |a теория перевода 
610 1 |a переводы 
610 1 |a романы 
610 1 |a Англия 
610 1 |a переводоведение 
610 1 |a русская литература 
610 1 |a английские романы 
675 |a 8Р1  |v 3 
675 |a 82(09)  |v 3 
700 1 |a Матвеенко  |b И. А.  |c лингвист  |c профессор Томского политехнического университета, доктор филологических наук  |f 1967-  |g Ирина Алексеевна  |3 (RuTPU)RU\TPU\pers\27693  |9 12767 
712 0 2 |a Национальный исследовательский Томский политехнический университет (ТПУ)  |b Институт природных ресурсов (ИПР)  |b Кафедра иностранных языков (ИЯПР)  |3 (RuTPU)RU\TPU\col\18662 
801 2 |a RU  |b 63413507  |c 20230112  |g RCR 
856 4 |u http://www.lib.tpu.ru/fulltext2/m/2015/m095.pdf 
942 |c CF